000 00392nam a2200157Ia 4500
003 Ost
005 20260225132556.0
008 260225s9999||||xx |||||||||||||| ||und||
040 _cfsic
041 _afre
082 _a440
100 _aWolfgang S.Freund
_eAuteur
245 0 _aLa Presse écrite au Maghreb :
245 0 _bréalités et perspectives /
_cWolfgang S.Freund
942 _cكتاب
999 _c34450
_d34450